000 00565nam a2200205Ia 4500
005 20250326145554.0
008 250326s9999 xx 000 0 und d
037 _aTextbook
040 _aFMSL
_beng
_cFMSL
041 _aeng
_2eng
084 _aX:8.1 Q7
_qFMSL
100 _aManners John
_9751395
245 0 _aIntroduction to global logistics
_cManners John
260 _aUnited Kingdom
_bUnited Kingdom, Koganpage
_c2017
365 _b3466.73
490 _v2nd.ed
650 _aManagement
942 _cTB
_hX:8.1 Q7
999 _c1308039
_d1308039